Estudio y análisis de falla de cortocircuitos en subestación eléctrica Managua

El análisis de las fallas por cortocircuito se fundamenta en el cálculo o determinación de las magnitudes de las corrientes de falla, características que permiten el diseño de los interruptores, calibración y ajuste de los mecanismos de protección. Se produce un cortocircuito en un sistema de...

Full description

Bibliographic Details
Main Authors: García Cáliz, Jonathan Antonio, Centeno Vidaurre, Everth José
Other Authors: Tutor: Espinoza Moraga, Carlos Alfonso
Format: Tesis Section = Libro
Language:Undetermined
Spanish
Published: Managua UNI 2011
Subjects:
LEADER 01381nam a2200265Ia 4500
008 240830s9999 xx 000 0 und d
040 |a BIBLIOTECA-RUSB/ T.Mon 621.3121 G216 
041 |a spa 
082 |a T.Mon 621.3121 G216 
100 1 |a García Cáliz, Jonathan Antonio 
100 1 |b Centeno Vidaurre, Everth José 
245 1 0 |a Estudio y análisis de falla de cortocircuitos en subestación eléctrica Managua 
260 |a Managua  |b UNI  |c 2011 
300 |a 45 p. :il. 
502 |a Tesis (Ingeniero Eléctrico) - UNI, 2011. 
520 3 |a El análisis de las fallas por cortocircuito se fundamenta en el cálculo o determinación de las magnitudes de las corrientes de falla, características que permiten el diseño de los interruptores, calibración y ajuste de los mecanismos de protección. Se produce un cortocircuito en un sistema de potencia, cuando entran en contacto, entre sí o con tierra, conductores energizados correspondientes a distintas fases. Los cortocircuitos se pueden clasificar en simétricas (balanceadas) y asimétricas (desbalanceadas). 
650 7 |a SUBESTACION ELECTRICA-MANAGUA 
650 7 |b  CENTRALES ELECTRICAS 
650 7 |c  SISTEMAS ELECTRICOS 
650 7 |d  CORTOCIRCUITOS-ANALISIS 
650 7 |e  EQUIPOS ELECTRICOS 
700 1 |a Tutor:  |b Espinoza Moraga, Carlos Alfonso 
942 |c BK  |2 ddc 
991 |a TESIS 
999 |c 21818